| 000 | 00999nas a2200265 454500 | ||
|---|---|---|---|
| 001 | 36043 | ||
| 005 | 20260407193509.0 | ||
| 008 | 260407s2002####ag###########|||spa#d | ||
| 003 | AR-UNSa-BCEJYS | ||
| 040 |
_aAR-UNSa-BCEJYS _bspa _cAR-UNSa-BCEJYS |
||
| 080 |
_a338 _xSituación económica. Política económica. Gestión de la economía. Planificación de la economía. Producción. Servicios. Precios |
||
| 245 | 1 | 0 |
_aTandem _pLa revista de la Fundación FUCAES |
| 264 | 1 |
_aBuenos Aires : _bFUCAES _c2002 |
|
| 310 | _aFrecuencia: Trimestral | ||
| 041 | _aspa | ||
| 942 | _cSER | ||
| 590 | _aniveau_biblio:s niveau_hierar:1 | ||
| 100 | 1 | _aFundación Cámara Española de Comercio de la República Argentina (FUCAES) | |
| 700 | 1 | _aFiscalini, Raúl | |
| 650 | _aRelaciones internacionales | ||
| 650 | _aComercio internacional | ||
| 650 | _aCondiciones económicas | ||
| 650 | _aINVERSIONES | ||
| 856 | 4 | 1 |
_uhttps://biblioeco.unsa.edu.ar/pmb/images/revistas/tandem.jpg _yImagen de portada _qimage/jpeg |
| 999 |
_c8774 _d8774 |
||